00346nam a2200121Ia 4500008004100000041000800041082001400049100002000063245004500083260005400128300003100182365001100213240624s9999 xx 000 0 und d aeng a153.8 KAP aKAPOOR VIRENDER aYOUR PERSONAL GUIDE TO VICTORY ENHANCE Y c2009aNew DelhibUBS Publishers Distributors Pvt. axxx, : 342 : p. : cm. ; 21 cRSb20